[Event "IM Marmaris Karia IX 2019"]
[Site "Marmaris"]
[Date "2019.08.25"]
[Round "8.5"]
[White "Annageldyev, Orazly"]
[Black "Kirilmaz, Emre"]
[Result "1/2-1/2"]
[WhiteElo "2342"]
[BlackElo "2044"]
[Annotator "NA"]
[PlyCount "74"]
[EventDate "2019.08.24"]
[EventType "schev"]
[EventCountry "TUR"]
[SourceTitle "playchess.com"]
[Source "ChessBase"]
[SourceQuality "1"]
[TimeControl "5400+30"]

1. e4 {[%emt 0:00:30]} Nf6 {[%emt 0:04:30]} 2. e5 {[%emt 0:00:30]} Nd5 {[%emt 0:00:30]} 3. d4 {[%emt 0:00:00]} d6 {[%emt 0:00:30]} 4. Nf3 {[%emt 0:00:00]} Nb6 {[%emt 0:01:30]} 5. h3 {[%emt 0:01:30]} g6 {[%emt 0:00:30]} 6. Be2 {[%emt 0:01:30]} dxe5 {[%emt 0:00:30]} 7. Nxe5 {[%emt 0:00:30]} N8d7 {[%emt 0:00:00]} 8. Bf4 {[%emt 0:02:30]} Bg7 {[%emt 0:00:00]} 9. Nf3 $11 {[%emt 0:00:30]} c5 {[%emt 0:01:30]} 10. dxc5 {[%emt 0:12:30]} Na4 {[%emt 0:04:30]} 11. c3 {[%emt 0:00:00]} Naxc5 {[%emt 0:01:30]} 12. Na3 {[%emt 0:04:00]} O-O {[%emt 0:05:30]} 13. Nc4 {[%emt 0:01:30]} b5 {[%emt 0:05:30]} 14. Nce5 {[%emt 0:00:30]} Nxe5 {[%emt 0:00:30]} 15. Bxe5 {[%emt 0:06:30]} Bb7 {[%emt 0:02:30]} 16. Bxg7 {[%emt 0:02:30]} Kxg7 {[%emt 0:00:30]} 17. O-O {[%emt 0:00:30]} Bxf3 {[%emt 0:03:30]} 18. Bxf3 {[%emt 0:00:30]} Qxd1 {[%emt 0:03:30]} 19. Rfxd1 {[%emt 0:01:30]} Rad8 {[%emt 0:00:30]} 20. Be2 {[%emt 0:03:30]} a6 {[%emt 0:00:30]} 21. Rxd8 {[%emt 0:02:30]} Rxd8 {[%emt 0:03:30]} 22. b4 {[%emt 0:00:30]} Rd2 {[%emt 0:03:30]} 23. Bf1 {[%emt 0:00:30]} Nd3 {[%emt 0:02:30]} 24. a4 {[%emt 0:01:30]} bxa4 {[%emt 0:03:30]} 25. Rxa4 {[%emt 0:01:30]} Rd1 {[%emt 0:01:30]} 26. g3 {[%emt 0:03:30]} Rc1 {[%emt 0:00:30]} 27. c4 {[%emt 0:03:30]} Ne5 {[%emt 0:01:30]} 28. Kg2 {[%emt 0:02:30]} Nxc4 {[%emt 0:01:30]} 29. Rxa6 {[%emt 0:00:30]} Nd6 {[%emt 0:01:30]} 30. b5 {[%emt 0:06:30]} Rb1 {[%emt 0:00:00]} 31. Rb6 {[%emt 0:07:00]} Kf6 {[%emt 0:00:30]} 32. g4 {[%emt 0:02:30]} Ke5 {[%emt 0:03:30]} 33. Rb8 {[%emt 0:01:30]} Rb2 {[%emt 0:01:30]} 34. Rh8 {[%emt 0:03:30]} Ne4 {[%emt 0:05:30]} 35. Rxh7 {[%emt 0:00:30]} Rxf2+ {[%emt 0:05:30]} 36. Kg1 {[%emt 0:00:30]} Rf6 {[%emt 0:04:30]} 37. h4 {[%emt 0:05:30]} g5 {[%emt 0:03:30]} 1/2-1/2

[Event "IM Marmaris Karia IX 2019"]
[Site "Marmaris"]
[Date "2019.08.25"]
[Round "9.1"]
[White "Tanriverdi, Enes"]
[Black "Guseynov, Alihan"]
[Result "1-0"]
[WhiteElo "2355"]
[BlackElo "2314"]
[Annotator "TA"]
[PlyCount "63"]
[EventDate "2019.08.24"]
[EventType "schev"]
[EventCountry "TUR"]
[SourceTitle "playchess.com"]
[Source "ChessBase"]
[SourceQuality "1"]

{[%evp 22,63,32,26,57,48,52,4,26,46,57,39,37,39,25,24,14,24,50,10,30,23,25,10,22,21,16,0,12,0,18,13,43,45,88,92,84,64,270,262,281,264,288,296]} 1. d4 Nf6 2. c4 e5 3. dxe5 Ng4 4. Bf4 Nc6 5. Nf3 Bb4+ 6. Nc3 Qe7 7. Qd5 Bxc3+ 8. bxc3 f6 9. exf6 Nxf6 10. Qd3 d6 11. g3 O-O 12. Bg2 Ne4 {A52: Budapest Gambit} (12... Bg4 13. O-O Rae8 14. Rae1 Kh8 15. Nd4 Ne5 16. Bxe5 dxe5 17. Nf5 Bxf5 18. Qxf5 Nd7 19. Qe4 c6 20. Rd1 {1-0 (30) Aronian,L (2809)-Ivanchuk,V (2757) London 2013}) 13. Nd4 Nc5 14. Qc2 Ne5 {next ...Ned3+ is good for Black.The position is equal.} 15. O-O $146 ({Predecessor:} 15. Bxe5 dxe5 16. Nb3 Bf5 {0-1 (16) Kerry,J-Amann,K IECG email 2000}) 15... Kh8 16. Nb3 {Threatens to win with Nxc5.} Bf5 17. Qc1 Ned7 18. Re1 Be4 19. f3 {[#] Black must now prevent Nxc5.} Bg6 20. Qd2 Qf7 21. Nxc5 Nxc5 22. Qd5 Qd7 23. e4 Bf7 24. Qd2 Bxc4 25. Be3 {[#] aiming for Bxc5.} Nd3 26. Red1 Rae8 27. f4 {Hoping for Bf1.} Qc6 28. e5 $36 {[%mdl 2048] Keeping Black busy.} Qa6 29. Be4 {[%cal Re4d3]} Nxe5 $2 ({Better is} 29... Nc5 $14 30. Bxc5 dxc5) 30. fxe5 $18 {White has a decisive advantage.} Rxe5 31. Bg2 Rfe8 32. Bd4 {Accuracy: White = 54%, Black = 29%.} 1-0

[Event "IM Marmaris Karia IX 2019"]
[Site "Marmaris"]
[Date "2019.08.25"]
[Round "9.3"]
[White "Kizilkus, Akin"]
[Black "Benidze, Davit"]
[Result "1/2-1/2"]
[WhiteElo "2135"]
[BlackElo "2440"]
[Annotator "TA"]
[PlyCount "47"]
[EventDate "2019.08.24"]
[EventType "schev"]
[EventCountry "TUR"]
[SourceTitle "playchess.com"]
[Source "ChessBase"]
[SourceQuality "1"]

{[%evp 13,47,61,51,50,55,53,72,58,56,39,43,44,45,49,45,43,60,53,37,39,67,67,95,100,108,63,146,91,125,128,125,90,112,53,92,107]} 1. d4 Nf6 2. c4 c5 3. d5 d6 4. Nc3 g6 5. e4 Bg7 6. Bd3 O-O 7. Nf3 Bg4 8. h3 {E90: King's Indian: Classical: Early deviations and 6 h3} Bxf3 9. Qxf3 Nfd7 10. Qd1 e6 11. O-O exd5 12. exd5 Ne5 $146 ({Predecessor:} 12... Bxc3 13. bxc3 Ne5 14. Be2 f5 15. Rb1 b6 16. f4 Nf7 17. Bd3 Nd7 18. Rb2 Nf6 19. Re1 Ne8 {½-½ (46) Seirawan,Y (2629)-Marin,M (2556) Bled 2002}) 13. Be2 f5 14. f4 Nf7 15. g4 Nd7 16. g5 Re8 17. Bd2 Qe7 {[#] aiming for ...Bd4+.} 18. Bd3 h6 {[%cal Rh6g5]} 19. h4 Bxc3 (19... hxg5 $14 20. hxg5 Bd4+ 21. Kg2 Nf8) 20. bxc3 (20. Bxc3 $142 {And now Qc2 would win.} Qe3+ 21. Kg2) 20... h5 21. Re1 Qd8 22. Rxe8+ Qxe8 23. Qc2 (23. Qf1 $16) 23... Nf8 24. Re1 {Accuracy: White = 61%, Black = 34%.} 1/2-1/2

[Event "IM Marmaris Karia IX 2019"]
[Site "Marmaris"]
[Date "2019.08.25"]
[Round "9.4"]
[White "Oney, Feridun"]
[Black "Annageldyev, Orazly"]
[Result "1/2-1/2"]
[WhiteElo "2054"]
[BlackElo "2342"]
[Annotator "TA"]
[PlyCount "44"]
[EventDate "2019.08.24"]
[EventType "schev"]
[EventCountry "TUR"]
[SourceTitle "playchess.com"]
[Source "ChessBase"]
[SourceQuality "1"]

{[%evp 11,44,17,42,25,35,40,39,13,16,-6,36,-16,-16,-17,-15,-17,-9,-9,-15,-19,-13,-12,0,-23,0,-29,0,-25,0,-19,0,-22,0,-16,0]} 1. d4 Nf6 2. c4 e6 3. Nf3 d5 4. Nc3 Be7 5. Bf4 O-O 6. e3 a6 7. cxd5 {D37: Queen's Gambit Declined: 5 Bf4} Nxd5 8. Nxd5 exd5 9. a3 {White is slightly better.} (9. Bd3 Bb4+ 10. Nd2 Nc6 11. a3 Bd6 12. Bxd6 Qxd6 13. Qc2 g6 14. Rc1 Bd7 {½-½ (40) Wojtaszek,R (2746)-Sokolov,I (2623) Montpellier 2015}) 9... Bf5 10. Be2 Nc6 11. Ne5 $146 (11. Rc1 $14) ({Predecessor:} 11. O-O Rc8 12. Rc1 Na7 13. Qb3 {1-0 (56) Christiansen,N-Lynge,T (1864) Helsingor 2008}) 11... Nxe5 $11 12. Bxe5 c6 13. O-O Bd6 14. Bxd6 Qxd6 15. Bd3 Bxd3 16. Qxd3 Qe7 17. Qc2 Qd6 18. Qd3 Qe7 19. Qc2 Qd6 20. Qd3 {The position is equal.} Qe7 21. Qc2 Qd6 22. Qd3 Qe7 {Accuracy: White = 47%, Black = 28%.} 1/2-1/2

[Event "IM Marmaris Karia IX 2019"]
[Site "Marmaris"]
[Date "2019.08.25"]
[Round "9.5"]
[White "Kirilmaz, Emre"]
[Black "Papenin, Nikolai"]
[Result "0-1"]
[WhiteElo "2044"]
[BlackElo "2319"]
[Annotator "TA"]
[PlyCount "110"]
[EventDate "2019.08.24"]
[EventType "schev"]
[EventCountry "TUR"]
[SourceTitle "playchess.com"]
[Source "ChessBase"]
[SourceQuality "1"]

{[%evp 9,110,27,27,22,43,36,43,-7,-5,-12,-10,-32,0,2,0,-8,-6,-91,-92,-99,-79,-104,-89,-105,-83,-100,-83,-95,-92,-90,-86,-85,-97,-99,-85,-93,-102,-92,-79,-89,-88,-137,-134,-145,-100,-96,-108,-87,-73,-75,0,-44,-51,-46,-56,-59,-53,-58,-51,-58,-58,-44,-63,-55,-56,-54,-20,-181,-170,-197,-194,-230,-246,-352,-352,-356,-311,-464,-401,-636,-631,-807,-805,-1365,-1371,-1272,-1207,-1513,-1803,-1505,-1506,-2460,-1790,-2452,-2156,-29964,-12845,-5135,-1102,-926,-831,-5735,-5667]} 1. d4 d6 2. c3 g6 (2... e5 3. e4 Nc6 4. Nf3 Nf6 5. dxe5 Nxe5 6. Nxe5 dxe5 7. Qxd8+ Kxd8 8. f3 Bc5 9. b4 Bd6 10. Be3 a5 11. b5 Ke7 12. Nd2 Be6 13. Nc4 {0-1 (51) Salgado Lopez,I (2629)-Mchedlishvili,M (2610) St Petersburg 2018}) 3. h4 h5 4. Nf3 Bg7 $146 ({Predecessor:} 4... Bg4 5. Nbd2 Nc6 6. Qb3 Rb8 7. d5 Ne5 8. Nxe5 dxe5 9. e4 a6 10. Nc4 {1-0 (50) Nguyen,T-Bui,H Hue 1999}) 5. Ng5 Nh6 6. e4 {A41: 1 d4 d6: Tartakower System and Modern Defence} Nc6 7. Na3 e5 {[%cal Re5d4]} 8. dxe5 {White is slightly better.} Nxe5 9. Nc4 Qe7 10. Nxe5 Qxe5 11. Be3 {Bd4 is the strong threat.} O-O 12. Bd4 Qe7 13. Bxg7 (13. Bc4 $11) 13... Kxg7 $17 14. Qd4+ f6 $1 15. Nh3 c5 16. Qd3 f5 17. O-O-O fxe4 18. Qxd6 Qxd6 19. Rxd6 Bxh3 20. gxh3 {[#]} Nf5 $1 {[%cal Rf5d6]} ({Much weaker is} 20... Rxf2 $6 21. Rg1 $11) 21. Rd7+ {[%mdl 64] Double Attack} Rf7 22. Rxf7+ Kxf7 {[%mdl 4096] Endgame KRB-KRN} 23. Bc4+ Kf6 24. Bd5 Nd6 25. c4 Re8 26. Rd1 Rf8 27. f3 e3 28. Rd3 Re8 {Strongly threatening ...e2.} 29. Kd1 Kf5 (29... e2+ $17 30. Ke1 Re7) 30. Ke2 (30. Bc6 $5 bxc6 31. Rxd6 $11) 30... Kf4 {aiming for ...Nf5.} 31. Bc6 $1 {[%cal Rc6e8]} Re6 32. Bd7 Rf6 33. Rxe3 Kg3 34. Be6 Kxh4 35. Kf2 Rf4 36. b3 Rd4 37. Ke2 b6 38. Bd5 $2 (38. Re5 $11) 38... Nf5 $19 39. Re6 Kg5 40. Re8 Rh4 41. Ra8 (41. Be4 $142) 41... Rxh3 42. Rxa7 Rh2+ 43. Ke1 (43. Kd3 $142 h4 44. a4) 43... Kf4 44. Be4 (44. Ra8 $142 h4 45. Re8) 44... h4 45. Bxf5 gxf5 {KR-KR} (45... Kxf5 $2 46. Kf1 $19) 46. Kf1 Kxf3 {[%cal Rh2h1]} 47. Kg1 Rg2+ 48. Kh1 Rg6 49. Kh2 f4 50. a4 Ke3 51. a5 bxa5 52. Rxa5 Kd4 (52... f3 $142 53. Rxc5 f2 54. Re5+ Kf4 55. Re7 Rg3 56. Rd7 Rf3 57. Rd4+ Kf5 58. Rd5+ Kg4 59. Rd4+ Rf4 60. Rxf4+ Kxf4 61. Kg2 Ke3 62. b4 {[#]} h3+ $1 {[%mdl 512]} 63. Kg3 f1=Q 64. Kg4 h2 65. Kg5 h1=Q 66. c5 Qf4+ {[%mdl 64] Double Attack} 67. Kg6 Qhh6#) 53. Ra8 {Black is clearly winning.} Rf6 (53... f3 $142 54. Rf8 Ke3 55. Re8+ Kd2 56. Rd8+ Ke2 57. Re8+ Kf1) 54. Kg1 Kc3 55. Kf2 Kxb3 {Accuracy: White = 41%, Black = 76%.} 0-1

[Event "IM Marmaris Karia IX 2019"]
[Site "Marmaris"]
[Date "2019.08.25"]
[Round "10.1"]
[White "Datuashvili, Nona"]
[Black "Tanriverdi, Enes"]
[Result "0-1"]
[WhiteElo "2083"]
[BlackElo "2355"]
[Annotator "TA"]
[PlyCount "60"]
[EventDate "2019.08.24"]
[EventType "schev"]
[EventCountry "TUR"]
[SourceTitle "playchess.com"]
[Source "ChessBase"]
[SourceQuality "1"]

{[%evp 11,60,7,10,8,8,15,16,0,0,0,0,4,0,6,10,0,88,0,81,87,94,75,97,0,123,129,168,158,161,147,196,201,215,198,233,208,228,168,276,221,177,117,110,75,99,83,170,167,155,-517,-511]} 1. e4 c5 2. c3 d5 3. exd5 Qxd5 4. d4 g6 5. dxc5 Qxc5 6. Be3 Qc7 7. Na3 {B22: Sicilian: 2 c3} a6 (7... Nc6 8. Nb5 Qb8 9. Nf3 Nf6 10. Nbd4 Bg7 11. Bb5 Bd7 12. Ba4 O-O 13. O-O e5 14. Nxc6 Bxc6 15. Bxc6 bxc6 {0-1 (60) Simacek,P (2485)-Gajewski,G (2634) Poland 2017}) 8. Nc4 Nd7 9. a4 {The position is equal.} Ngf6 10. a5 Bg7 11. Nf3 O-O 12. Be2 $36 {[%mdl 2048] White is pushing.} Ng4 13. Bg5 Ndf6 $146 (13... b5 $11 {remains equal.} 14. axb6 Nxb6) ({Predecessor:} 13... b5 14. Ne3 Nxe3 15. Bxe3 Bb7 {0-1 (61) Perez Mitjans,O (2496)-Moreno Ruiz,J (2486) Montcada 2013}) 14. h3 (14. Nb6 $1 $16 {[%cal Rb6a8]} Rb8 15. O-O (15. Nxc8 Rbxc8 16. Qa4 Bh6 $11)) 14... Nxf2 (14... Be6 $1 $11 15. Ra4 Nh6) 15. Kxf2 $16 {Hoping for Bxf6.} Ne4+ 16. Kf1 $1 Be6 {[#]} 17. Nb6 (17. Ra4 $1 $16) 17... Rad8 (17... Ng3+ $1 $11 {keeps the balance.} 18. Kf2 Ne4+ 19. Kf1 Ng3+ 20. Kf2 Ne4+ 21. Kf1) 18. Qe1 f5 19. Be3 f4 20. Bf2 Bf7 21. Ra4 Nxf2 22. Qxf2 Bf6 23. Re4 e5 24. h4 Be6 (24... Kg7 $142 25. Qe1 Bb3) 25. Kg1 Bf5 26. Bc4+ (26. Rc4 $18 Qe7 27. Qc5) 26... Kh8 27. Re1 e4 28. Ng5 e3 (28... Be7 $16 29. b4 (29. Nxe4 Bxe4 30. Rxe4 Bc5 $15) 29... e3) 29. Qf3 $18 Rd2 {[#] Threatens to win with ...Rf2.} 30. h5 $2 (30. Be2 $1 $16 {is necessary to keep the advantage.}) 30... Bxg5 {Accuracy: White = 54%, Black = 48%.} 0-1

[Event "IM Marmaris Karia IX 2019"]
[Site "Marmaris"]
[Date "2019.08.25"]
[Round "10.3"]
[White "Annageldyev, Orazly"]
[Black "Kizilkus, Akin"]
[Result "1/2-1/2"]
[WhiteElo "2342"]
[BlackElo "2135"]
[Annotator "TA"]
[PlyCount "90"]
[EventDate "2019.08.24"]
[EventType "schev"]
[EventCountry "TUR"]
[SourceTitle "playchess.com"]
[Source "ChessBase"]
[SourceQuality "1"]

{[%evp 16,90,3,-18,-14,-13,2,2,2,2,2,0,0,8,0,-2,0,0,7,19,31,-54,-54,-127,-127,-127,-121,-120,-132,-327,-310,-294,-118,-144,-141,-186,-158,-180,-155,-122,-66,-104,-105,-105,-106,-106,-93,-87,-66,-66,-66,-66,-66,-66,-66,-66,-66,-66,-66,-66,-66,-66,-66,-66,-66,-66,-66,-66,-66,-66,-66,-66,0,-66,0,-66,0]} 1. d4 Nf6 2. Nf3 g6 3. Bg5 Bg7 4. Nbd2 O-O 5. c3 d6 6. e4 c5 7. dxc5 dxc5 8. h3 Nc6 9. Be2 Qc7 {A48: 1 d4 Nf6 2 Nf3 g6: Torre, London and Colle Systems} 10. O-O Rd8 (10... h6 11. Be3 b6 12. Qc2 Bb7 13. a4 Rac8 14. Rad1 Rfd8 15. Rfe1 e6 16. Qb1 Na5 17. b4 cxb4 18. cxb4 {1-0 (54) Naiditsch,A (2701)-Kovalev,V (2648) Sharjah 2018}) 11. Qc2 h6 {The position is equal.} 12. Be3 b6 13. Nh2 e5 {[#]} 14. f4 $146 ({Predecessor:} 14. Rfd1 Kh7 15. Rac1 Qe7 16. Ng4 Nxg4 17. hxg4 Be6 18. Qa4 {½-½ (18) Piskov,Y (2550)-Popovic,P (2525) Becici 1994}) 14... exf4 15. Bxf4 Qe7 16. Rae1 Be6 17. Nhf3 c4 ({Don't go for} 17... Bxa2 $2 18. Qa4 $18) 18. Kh1 (18. Bxc4 $14 Nh5 19. Bxe6 Nxf4 20. Bb3) 18... b5 $1 $15 19. Ne5 (19. Qc1 $15) 19... Nxe5 $1 $17 20. Bxe5 {[#]} Nxe4 $1 {[%mdl 512]} 21. Qxe4 {aiming for Bxg7.} Bd5 22. Bxg7 $2 (22. Qf4 $17 {might work better.} Qxe5 23. Qf2) 22... Bxe4 $19 23. Bf6 {[#]} Qxf6 (23... Bxg2+ $1 $19 24. Kxg2 Qb7+ 25. Nf3 Rd2) 24. Rxf6 $17 Rxd2 25. b3 cxb3 26. axb3 Re8 27. Bf3 {[#]} Bc6 $1 {[%mdl 512]} 28. Rf1 (28. Bxc6 Rxe1+) 28... Bxf3 29. R1xf3 {[%mdl 4096] Endgame KRR-KRR} Re7 30. Ra6 Rc7 31. Ra5 Rc2 (31... Rb7 {is more complex.} 32. Kh2 h5 33. Rg3 Kg7 34. Rg5 b4) 32. Rxb5 R2xc3 33. Rxc3 Rxc3 $15 {KR-KR} 34. Rb7 Kg7 35. Kh2 h5 36. h4 Rd3 37. g3 Rd2+ 38. Kh3 Rb2 39. Rxa7 Rxb3 40. Kg2 Kf6 41. Ra6+ Kf5 42. Ra4 Rb2+ 43. Kf3 Rb3+ ({Black should play} 43... Ke5 $15) 44. Kf2 (44. Kg2 $1 $11) 44... Rb2+ 45. Kf3 $1 Rb3+ {Accuracy: White = 70%, Black = 60%.} ({Better is} 45... Rb5 $15) 1/2-1/2

[Event "IM Marmaris Karia IX 2019"]
[Site "Marmaris"]
[Date "2019.08.25"]
[Round "10.4"]
[White "Papenin, Nikolai"]
[Black "Oney, Feridun"]
[Result "1-0"]
[WhiteElo "2319"]
[BlackElo "2054"]
[Annotator "TA"]
[PlyCount "77"]
[EventDate "2019.08.24"]
[EventType "schev"]
[EventCountry "TUR"]
[SourceTitle "playchess.com"]
[Source "ChessBase"]
[SourceQuality "1"]

{[%evp 20,77,11,10,71,71,86,33,40,30,47,50,50,41,52,13,16,23,62,75,68,66,62,62,68,21,21,3,14,6,73,45,63,41,62,49,73,51,69,31,31,31,31,31,31,31,26,26,37,26,61,58,58,59,87,78,233,228,276,275]} 1. d4 d5 2. c4 c6 3. Nf3 Nf6 4. Nc3 e6 5. e3 Nbd7 6. Qc2 Bd6 7. Bd3 Qe7 8. O-O O-O 9. h3 dxc4 10. Bxc4 e5 11. Bb3 c5 {D46: Semi-Slav: 5 e3 Nbd7 6 Bd3, Black avoids the Meran} (11... a5 $11) (11... Bc7 12. Bd2 h6 13. Nh4 Rd8 14. Nf5 Qf8 15. Rad1 exd4 16. exd4 Nb6 17. Rfe1 Bxf5 18. Qxf5 Qd6 19. g3 Qd7 {½-½ (33) Mareco,S (2651)-Henriquez Villagra,C (2543) Montevideo 2019}) 12. Rd1 $146 ({Predecessor:} 12. Ng5 g6 13. Nce4 Kg7 14. dxe5 Bxe5 15. f4 Nxe4 16. Nxe4 Bc7 17. Bd2 f6 18. g4 h6 19. a4 Rb8 20. Rae1 b6 21. Bc4 Re8 22. Bd3 Nf8 23. Bc3 Kf7 24. Bxf6 {1-0 (24) Pulvett Marin,D (2434)-Heidenfeld,M (2366) Baku 2016}) 12... g6 13. Ng5 (13. Bd5 $16) 13... exd4 $14 {White is slightly better.} 14. exd4 cxd4 15. Nb5 Nc5 16. Nxd6 Qxd6 {[#]} 17. Bf4 $1 {[%mdl 512]} Qxf4 18. Qxc5 Ne4 19. Nxe4 Qxe4 20. Rxd4 Qf5 21. Rc1 Qf6 22. Bd5 Be6 23. Bxb7 Rab8 24. Rb4 Rbd8 (24... Bxa2 $11 {keeps the balance.} 25. Qxa7 Qe7) 25. Qc3 Qg5 26. f4 Qa5 27. a3 Rd6 28. Kh2 Qd8 29. Qc7 (29. Qe5 {is interesting.} Rd2 30. Bc6 h5 31. Rc3 h4 32. Bf3) 29... Rd2 30. Qxd8 Rfxd8 31. Rc5 R8d3 32. Rc3 Rd8 33. Bf3 h5 34. Kg3 Kg7 35. Rc5 R8d6 36. Rb7 R6d4 37. b4 h4+ $2 {[#]} (37... a6 $16 {keeps fighting.}) 38. Kxh4 $18 Rxf4+ 39. Kg3 {Accuracy: White = 57%, Black = 35%.} 1-0

[Event "IM Marmaris Karia IX 2019"]
[Site "Marmaris"]
[Date "2019.08.25"]
[Round "10.5"]
[White "Guseynov, Alihan"]
[Black "Kirilmaz, Emre"]
[Result "1/2-1/2"]
[WhiteElo "2314"]
[BlackElo "2044"]
[Annotator "TA"]
[PlyCount "60"]
[EventDate "2019.08.24"]
[EventType "schev"]
[EventCountry "TUR"]
[SourceTitle "playchess.com"]
[Source "ChessBase"]
[SourceQuality "1"]

{[%evp 9,60,50,86,24,22,29,35,12,17,-6,35,31,57,52,47,42,45,48,104,77,91,70,75,-6,43,0,0,0,0,0,0,0,14,7,45,29,34,43,31,19,85,76,90,34,41,0,0,0,0,0,0,0,0]} 1. c4 c6 2. Nf3 Nf6 3. Nc3 d5 4. e3 Qb6 (4... e6 5. b3 Bd6 6. Bb2 O-O 7. Be2 Nbd7 8. Rc1 a6 9. d4 Re8 10. O-O e5 11. dxe5 Nxe5 12. cxd5 c5 13. Nxe5 Bxe5 14. Bf3 Qd6 15. h3 b5 {1-0 (31) Nepomniachtchi,I (2763)-Saric,I (2695) St Petersburg 2018}) 5. Qc2 Bg4 {[#]} 6. cxd5 $146 {A11: English Opening: 1...c6} (6. Ne5 $1 $16) ({Predecessor:} 6. Ne5 Be6 7. cxd5 Nxd5 8. d4 Nd7 9. Nc4 Qc7 10. e4 Nxc3 11. bxc3 Bxc4 12. Bxc4 {1-0 (50) Prusikin,M (2560)-Jelling,E (2393) Fuegen 2006}) 6... cxd5 $11 7. Ne5 Bd7 8. Nxd7 {White is slightly better.} Nbxd7 9. Nb5 Kd8 10. d4 Rc8 11. Nc3 e6 12. Bd3 Bd6 13. O-O Bb8 (13... a6 $14) 14. f4 Rg8 15. Qf2 g5 16. Ne2 (16. Bd2 $16) 16... Qb4 17. Kh1 Ng4 18. Qf3 f5 $1 19. h3 Ngf6 20. fxg5 $1 Rxg5 21. Nf4 Qd6 22. Bd2 {[#] Hoping for Bb4!} Ke7 $1 23. Be1 Rcg8 $1 24. Rg1 Kf7 (24... Nh5 $11 {keeps the balance.}) 25. Bh4 $36 {[%mdl 2048] White has strong initiative.} Rh5 26. Qf2 ({Better is} 26. g3 $16 Rh6 27. Raf1) 26... Rh6 $14 27. Raf1 Nh5 {The position is equal.} 28. g3 {aiming for Nxe6!} Nxf4 29. gxf4 Qf8 30. Rxg8 Qxg8 {Accuracy: White = 39%, Black = 56%.} 1/2-1/2